Ekologická produkcia z recyklovaných materiálov bakalárska práca

Saved in:
Bibliographic Details
Main Author: Pomfy, Mikuláš
Corporate Author: Podnikovohospodárska fakulta EU so sídlom v Košiciach. Katedra marketingu a obchodu
Other Authors: Pružinský, Michal, 1952-
Format: Book
Language:Slovak
Published: Košice 2012
Tags: Add Tag
No Tags, Be the first to tag this record!

MARC

LEADER 00000nbm a2200000 4500
001 0158585
005 20161109112000.8
041 0 |a slo 
044 |a SK 
245 1 0 |a Ekologická produkcia z recyklovaných materiálov  |b bakalárska práca  |c Mikuláš Pomfy ; školiteľ: Michal Pružinský 
264 1 |a Košice  |c 2012 
300 |a 53 s. 
100 1 |a Pomfy, Mikuláš 
700 1 |a Pružinský, Michal, 1952- 
710 2 |a Podnikovohospodárska fakulta EU so sídlom v Košiciach. Katedra marketingu a obchodu